01164nam a22002897a 4500001001000000003000900010005001700019007000300036008003400039040005400073041001000127072001400137090001900151100002200170110010100192245020500293260003500498300001000533500006900543650001400612650001000626650002600636909003600662942000700698999001700705952015200722BR8104450BR-BrBNA20230928091017.0ta230509b bl.||||| |||| 00| 0 por d aBR-BrBNAbporcBiblioteca Nacional de Agricultura a(Por) aL72b4020  4020 BR81044501 aMontera, P. de A.1 aUniversidade Federal Rural do Rio de Janeiro, Itaguai (Brasil)0Tese (Magister Scientiae)9112251 aEfeitos da ecdisona e de um analogo de hormonio juvenil sobre o desenvolvimento de ninfas de Rhodnius prolixus Stal, 1859 (Hemiptera, Reduviidae)tratadas com precoceno 2 [vetor, transmissao de doenca]3 aItaguai, RJ (Brasil): c1981.  a77 p. a11 illus.; Bibliography p. 68-77 (98 ref.); Summaries (Eng, Por) aHEMIPTERO aVETOR aTRANSMISSAO DE DOENCA a202309bLuciac55dLucia Elande cBK c31742d31742 002AGRIS40708AGROBASEa41918b41918l0o 4020 BR8104450p4020 BR8104450r2023-09-25t01yBK10d2023-09-25ePortaria Interministerial nÂș 164/94